Logic design projects using standard integrated circuits

Guardado en:
書目詳細資料
主要作者: Wakerly, John F.
格式: 圖書
語言:English
出版: New York, New York : Willey 1976.
主題:
標簽: 添加標簽
沒有標簽, 成為第一個標記此記錄!

MARC

LEADER 00000nam a2200000Ia 4500
003 L000739
005 20221231143938.0
008 140114s9999 nyua 000 ||eng d
040 |c cru CEDI 
082 |a 621.831.958 W149L 
100 |a Wakerly, John F.  |9 19058 
245 |a Logic design projects using standard integrated circuits 
260 |a New York, New York : Willey  |c 1976. 
300 |a 203 páginas : ilustraciones ; 28 cm 
650 |x COMPUTADORAS ELECTRONICAS DIGITALES - MANUALES DE LABORATORIO   |x CIRCUITOS INTEGRADOS - MANUALES DE LABORATORIO  |9 19059 
942 |2 ddc 
999 |c 14622  |d 14622